| 000 | 01102aam a2200301 4500 | ||
|---|---|---|---|
| 005 | 20250618102450.0 | ||
| 008 | 150227b xxu||||| |||| 00| 0 ES d | ||
| 020 | _a9789588774008 | ||
| 041 | _aESP | ||
| 082 | _aCO 863 G216i | ||
| 100 |
_aGarcía Márquez, Gabriel _93407 |
||
| 245 | _aLa increíble y triste historia de la cándida Eréndira y de su abuela desalmada | ||
| 260 | _aColombia | ||
| 260 | _bGrupo Editorial Norma | ||
| 260 | _c2012 | ||
| 300 | _a119 páginas | ||
| 490 | _aTemática General | ||
| 505 | _aContiene: Un señor muy viejo con unas alas enormes; El mar del tiempo perdido; El ahogado más hermoso del mundo; Muerte constante más allá del amor; El último viaje del buque fantasma; Blacamán el bueno, vendedor de milagros; La increíble y triste historia de la cándida Eréndira y de su abuela desalmada. | ||
| 650 | _aCUENTOS COLOMBIANOS | ||
| 650 | _aLITERATURA COLOMBIANA | ||
| 650 | _aINOCENCIA | ||
| 650 | _aMALDAD | ||
| 650 | _aREALISMO MÁGICO | ||
| 650 | _aPROSTITUCIÓN | ||
| 650 | _aVIOLENCIA | ||
| 650 | _aESCLAVITUD | ||
| 942 |
_cLIT _2ddc |
||
| 999 |
_c2956 _d2956 |
||